00977nam a2200241Ia 4500001000700000008004100007020002200048082001400070100003300084245016700117250001100284260003200295300002500327500007100352503004900423650001700472650004400489650001600533650003100549650003000580650002200610700010300632Z_6626220601s9999 xx 000 0 und d a978-607-481-297-8 a530.1 K57 aKirkpatrick, Larry D., 1941- aFísica : una mirada al mundo / Larry D. Kirkpatrick y Gregory E. Francis; traducción Miguel Martínez Sarmiento; revisión técnica Nora Natalia Martínez a6a ed. aMéxico : Cengage Learning axxxi, 603 p., A-I p. aTraducción de la obra en inglés: Physics : a world view 6a ed. aej.1: consumo \ ej.2: consumo\ ej.3: consumo a1. Física  aPropiedades físicas tiempo y espacio  aMecánica  aElectricidad y magnetismo  aFísica de partículas  aFísica de ondas aFrancis, Gregory E. coaut. \ Martínez Sarmiento, Miguel, tr. \ Martínez, Nora Natalia, rev.Ì